| 000 | 00740nam a22002297a 4500 | ||
|---|---|---|---|
| 999 |
_c1140 _d1140 |
||
| 003 | AR-CdUCM | ||
| 008 | 190226b ||||| |||| 00| 0 spa d | ||
| 040 |
_aMUNICIPALIDAD PROVINCIAL DEL CUSCO _cBIBLIOTECA MUNICIPAL DEL CUSCO |
||
| 041 | _hale | ||
| 082 |
_a282 / _bT82 |
||
| 100 |
_aTroeltsch, E. _94477 |
||
| 245 |
_aEl Protestantismo : _bY el Mundo Moderno / |
||
| 260 |
_aMéxico : _bGrafica Panamericana, _c1951. |
||
| 300 |
_a137 paginas ; _c17 cm. |
||
| 505 | _aNotas del autor -- I -- II -- III -- IV... | ||
| 650 |
_aTeoría economica _94478 |
||
| 650 |
_aGrupos cristianos _94479 |
||
| 650 |
_aDoctrinas teologicas _94480 |
||
| 650 |
_aCritica teórico - filologica _94481 |
||
| 942 |
_2ddc _cLIBROS |
||
| 945 |
_awnts _d2019-02-26 |
||